000 00377pab a2200157 454500
008 180718b2011 xxu||||| |||| 00| 0 eng d
100 _aJohnson, J
245 _aPsychological aspects of migratory quarry workers
260 _c2011
300 _ap.351-364.
362 _aJul
650 _aLabour
773 _aIndian Journal of Social Work
908 _aN
909 _a95068
999 _c95068
_d95068